All Demon Slayer Arcs - Statistics

General Stats
  • This quiz has been taken 153 times
  • The average score is 7 of 12
Answer Stats
Episodes Answer % Correct
(27 - 33) / Movie Mugen Train
94%
(22 - 26) Rehabilitation Training
90%
(Not Yet Animated) Infinity Castle
89%
(56 - 63) Hashira Training
85%
(34 - 44) Entertainment District
84%
(45 - 55) Swordsmith Village
81%
(15 - 21) Mount Natagumo
50%
(1 - 5) Final Selection
48%
(Not Yet Animated) Sunrise Countdown
35%
(11 - 14) Tsuzumi Mansion
31%
(8 - 10) Asakusa
25%
(6 - 7) Kidnapper's Bog
22%
No matching quizzes found
Score Distribution
Percent of People with Each Score
Percentile by Number Answered
Your Score History
You have not taken this quiz